| 000 | 00973cam a2200265 4500 | ||
|---|---|---|---|
| 001 | 179525 | ||
| 003 | ES-MaACL | ||
| 005 | 20250824215455.0 | ||
| 008 | 111221s2010 sp a | |||||||| | spa d | ||
| 020 | _a978-84-92663-15-6 | ||
| 080 | _a821.511.141-31"19" | ||
| 100 | 1 |
_aBánffy, Miklós ( _d1873-1950) _9148752 |
|
| 245 | 1 | 4 |
_aLas almas juzgadas _b: Escrito en la pared, Trilogía transilvana II / _cMiklós Bánffy ; traducción del húngaro de Éva Cserháti y Antonio Manuel Fuentes Gaviño. |
| 250 | _a1ª ed. | ||
| 260 |
_aBarcelona : _bLibros del Asteroide, _c2010. |
||
| 300 |
_a528 p. : _bmapas ; _c22 cm. |
||
| 490 | 1 |
_aLibros del Asteroide ; _v59 |
|
| 700 | 1 |
_aCserháti, Éva. _9148753 |
|
| 700 | 1 |
_aFuentes Gaviño, Manuel. _9148754 |
|
| 740 | 0 | _aTrilogía transilvana. | |
| 830 | 0 | 0 |
_aLibros del Asteroide _v59 _9191112 |
| 852 |
_aES-MaACL _jA-11728 _9186421 _bR.146749 _cDEPO1 _dOlim: N-4733 |
||
| 942 |
_2udc _cMONOGRAFIA |
||
| 999 |
_c179525 _d179525 |
||